000 00300nam a2200097Ia 4500
001 1066186
005 20250827001748.0
008 250824s9999 xx 000 0 und d
245 0 _aOSMANLIDAN GÜNÜMÜZE AZINLIK YABANCI OKULLAR
_cHİDAYET VAHAPOĞLU
260 _bMİLLİ EĞİTİM BAKANLIĞI YAYINLARI
999 _c1066186
_d1066186